| 000 | 00334nam a22001337a 4500 | ||
|---|---|---|---|
| 005 | 20250901165819.0 | ||
| 008 | 250408b |||||||| |||| 00| 0 eng d | ||
| 020 | _a9789966255570 | ||
| 050 | _aPL 8023.N93 2008 | ||
| 245 |
_aTHE TRAVAIL OF DIEUDONNE` _cNYAMNJOH FRANCIS |
||
| 260 |
_aNAIROBI _bEAEP _c2008 |
||
| 300 | _a164 | ||
| 942 | _2lcc | ||
| 999 |
_c9557 _d9557 |
||